000 00579nam a2200169Ia 4500
005 20250508152033.0
008 008 250505s9999 xx 000 0 eng d
037 _aBooks to be hide in OPAC
040 _aFEDL
_beng
_cFEDL
041 _aeng
_2eng
084 _a379.54, IND/O
_qFEDL
245 0 _aSelections from the records of the government of India: Educational conference, Allahabad, February 1911
260 _aCalcutta, India
_bSuperientendent Government Printing
_c1911
300 _aii,135p.
942 _cHB
_h379.54, IND/O
999 _c1333825
_d1333825